000 00666nam a2200229 i 4500
001 C2-0222721
003 PPAK
005 20180728151753.0
008 000125s1977 my a|||| ||||| | eng d
040 _aPPAK
_beng
_cPPAK
_erda
082 0 4 _a335.430959522
_223
090 0 0 _a335.430959522
_bNOO
_dKAH
245 0 0 _aBlueprint for peace
264 1 _aKuching, Sarawak :
_bSyarikat Norwan ,
_c1977
300 _a103 pages :
_billustrations ;
_c22 cm
336 _2rdacontent
_atext
337 _2rdamedia
_aunmediated
338 _2rdacarrier
_avolume
650 1 0 _aCommunists - Malaysia - Sarawak
700 1 _aNoor Tahir, Datuk Hj.,
_ecompile
942 _ddc
_cB
999 _c143949
_d143949